000 00546nam a2200205 i 4500
001 bg
100 1 _aSTATT, David A.
245 1 0 _aThe concise dictionary of management /
_cDavid A. Statt.
260 _aLondon ; New York :
_bRoutledge,
_c1991.
300 _a[4], 163 s. :
_brys., wykr. ;
_c22 cm.
650 9 _aZarządzanie
_xterminologia
655 _aSłowniki
020 _a0415055695
040 _cBPK
041 0 _aen
080 _a65.01(038)
920 _a0-415-05569-5
942 _cKS
008 s pl f |000 0 pol
999 _c32757
_d32757
856 _uhttp://koha.tu.koszalin.pl/cgi-bin/koha/opac-detail.pl?biblionumber=32757
_yKatalog online BPK